Clifford : (Record no. 360961)
[ view plain ]
| 000 -LEADER | |
|---|---|
| fixed length control field | 00573nam a2200241Ia 4500 |
| 008 - FIXED-LENGTH DATA ELEMENTS--GENERAL INFORMATION | |
| fixed length control field | 190123s9999 xx 000 0 und d |
| 020 ## - INTERNATIONAL STANDARD BOOK NUMBER | |
| International Standard Book Number | 9780439551090 |
| 050 ## - LIBRARY OF CONGRESS CALL NUMBER | |
| Item number | B852 2003 |
| 100 ## - MAIN ENTRY--PERSONAL NAME | |
| Personal name | Bridwell, Norman |
| 245 #0 - TITLE STATEMENT | |
| Title | Clifford : |
| 245 #0 - TITLE STATEMENT | |
| Remainder of title | Clifford's animal sounds / |
| 245 #0 - TITLE STATEMENT | |
| Statement of responsibility, etc | by Norman Bridwell. |
| 260 ## - PUBLICATION, DISTRIBUTION, ETC. (IMPRINT) | |
| Place of publication, distribution, etc | New York, New York : |
| 260 ## - PUBLICATION, DISTRIBUTION, ETC. (IMPRINT) | |
| Name of publisher, distributor, etc | Scholastic, |
| 260 ## - PUBLICATION, DISTRIBUTION, ETC. (IMPRINT) | |
| Date of publication, distribution, etc | 2003 |
| 300 ## - PHYSICAL DESCRIPTION | |
| Extent | unpaged : |
| 300 ## - PHYSICAL DESCRIPTION | |
| Other physical details | colored illustrations ; |
| 300 ## - PHYSICAL DESCRIPTION | |
| Dimensions | 13cm. |
| 500 ## - GENERAL NOTE | |
| General note | BR |
| 650 ## - SUBJECT ADDED ENTRY--TOPICAL TERM | |
| Topical term or geographic name as entry element | Animal sounds. |
| 650 ## - SUBJECT ADDED ENTRY--TOPICAL TERM | |
| Topical term or geographic name as entry element | Dog. |
| 700 ## - ADDED ENTRY--PERSONAL NAME | |
| Personal name | Title. |
| Withdrawn status | Lost status | Damaged status | Home library | Current library | Shelving location | Date acquired | Total Checkouts | Full call number | Barcode | Date last seen | Price effective from | Koha item type |
|---|---|---|---|---|---|---|---|---|---|---|---|---|
| Stonyhurst Southville International School (Malarayat) | Stonyhurst Southville International School (Malarayat) | 01/23/2019 | LEX B852 2003 | SSISM6118 | 01/23/2019 | 01/23/2019 | Lexile |